MARC details
| 000 -CABECERA |
| campo de control de longitud fija |
01880nam a22003017a 4500 |
| 003 - IDENTIFICADOR DEL NÚMERO DE CONTROL |
| campo de control |
DO-SdBNP |
| 005 - FECHA Y HORA DE LA ÚLTIMA TRANSACCIÓN |
| campo de control |
20220531084009.0 |
| 007 - CAMPO FIJO DE DESCRIPCIÓN FÍSICA--INFORMACIÓN GENERAL |
| campo de control de longitud fija |
ta |
| 008 - DATOS DE LONGITUD FIJA--INFORMACIÓN GENERAL |
| campo de control de longitud fija |
210216e2020 dr ||||gr|||| 001 0dspa d |
| 020 ## - NÚMERO INTERNACIONAL ESTÁNDAR DEL LIBRO |
| Número Internacional Estándar del Libro |
9789945613506 |
| 040 ## - FUENTE DE LA CATALOGACIÓN |
| Centro catalogador/agencia de origen |
DO-SdBNP |
| Lengua de catalogación |
spa |
| Centro/agencia transcriptor |
BNPHU |
| 041 ## - CÓDIGO DE LENGUA |
| Código de lengua original |
spa |
| 082 #4 - NÚMERO DE LA CLASIFICACIÓN DECIMAL DEWEY |
| Número de clasificación |
972.93 |
| Número de documento/Ítem |
A719h |
| Número de edición |
22 |
| 100 1# - ENTRADA PRINCIPAL--NOMBRE DE PERSONA |
| 9 (RLIN) |
9236 |
| Nombre de persona |
Ariza Cabral, José Daniel, |
| Fechas asociadas al nombre |
1927- |
| 245 10 - MENCIÓN DE TÍTULO |
| Título |
Hechos relevantes de la historia dominicana : |
| Resto del título |
(lo vivido y lo leído 1916-1973) / |
| Mención de responsabilidad, etc. |
José Daniel Ariza Cabral ; prólogo Alberto Vásquez Díaz |
| 260 ## - PUBLICACIÓN, DISTRIBUCIÓN, ETC. |
| Lugar de publicación, distribución, etc. |
Santo Domingo : |
| Nombre del editor, distribuidor, etc. |
Archivo General de la Nación, |
| Fecha de publicación, distribución, etc. |
2020. |
| 300 ## - DESCRIPCIÓN FÍSICA |
| Extensión |
278 p. ; |
| Dimensiones |
22 cm. |
| 490 ## - MENCIÓN DE SERIE |
| Mención de serie |
Archivo General de la Nación ; |
| Designación de volumen o secuencia |
382 |
| 500 ## - NOTA GENERAL |
| Nota general |
Incluye índice onomástico. |
| 500 ## - NOTA GENERAL |
| Nota general |
Incluye datos biográficos del autor en las solapas |
| 505 0# - NOTA DE CONTENIDO CON FORMATO |
| Nota de contenido con formato |
Prólogo / |
| Mención de responsabilidad |
Alberto Vásquez Díaz -- |
| Título |
Antecedentes históricos nace un gigante Estados unidos de América -- |
| Información miscelánea |
Capítulo I. |
| Título |
La intervención norteamericana de 1916. Gobierno de Horacio Vásquez. |
| Información miscelánea |
Capítulo II. |
| Título |
Trujillo al Poder. Comienza la era. -- |
| Información miscelánea |
Capítulo III. |
| Título |
Últimos años de la dictadura. La muerte de las Mirabal -- |
| Información miscelánea |
Capítulo IV. |
| Título |
Conjura y ajusticiamiento -- |
| Información miscelánea |
Capítulo V. |
| Título |
Años de transición. Los hechos de Palma Sola -- |
| Información miscelánea |
Capítulo VI. |
| Título |
Bosch electo y derrocado. Causas y consecuencias del golpe de estado -- |
| Información miscelánea |
Capítulo VII. |
| Título |
El movimiento 14 de junio. La infraestructura. Manolo Tavárez y las manaclas -- |
| Información miscelánea |
VIII. |
| Título |
La revolución de abril. |
| Información miscelánea |
Capítulo IX. |
| Título |
Elecciones de 1966. Sacrificio de Caamaño en Playa Caracoles -- |
| -- |
Testimonio fotográfico -- |
| -- |
Índice onomástico |
| 590 ## - NOTA LOCAL (RLIN) |
| Nota local |
Inventariado, 2021/MFF |
| 651 14 - PUNTO DE ACCESO ADICIONAL DE MATERIA--NOMBRE GEOGRÁFICO |
| Nombre geográfico |
República Dominicana |
| Subdivisión general |
Historia |
| Subdivisión cronológica |
Siglo XX |
| 9 (RLIN) |
9490 |
| 700 1# - PUNTO DE ACCESO ADICIONAL--NOMBRE DE PERSONA |
| Nombre de persona |
Vásquez Díaz, Alberto, |
| Término indicativo de función/relación |
pról. |
| 9 (RLIN) |
77806 |
| 830 #0 - PUNTO DE ACCESO ADICIONAL DE SERIE-TÍTULO UNIFORME |
| Título uniforme |
Archivo General de la Nación ; |
| Número de parte o sección de la obra |
382 |
| 9 (RLIN) |
80997 |
| 910 ## - DATOS DE OPCIÓN DEL USUARIO (OCLC) |
| Datos de opción del usuario |
Validado, 2021/MFF |
| 942 ## - ELEMENTOS DE PUNTO DE ACCESO ADICIONAL (KOHA) |
| Fuente del sistema de clasificación o colocación |
Dewey Decimal Classification |
| Tipo de ítem Koha |
Libro |